000 00665nam a2200217Ia 4500
005 20250508164546.0
008 008 250505s9999 xx 000 0 eng d
037 _aReference
040 _aFEDL
_beng
_cFEDL
041 _aeng
_2eng
084 _a370.7, IND/RR
_qFEDL
245 0 _aTeacher and society : Report of the national commission on teachers- 1. 1983-85
245 0 _cINDIA. NATIONAL COMMISSION ON TEACHERS
260 _c1986
300 _aix,209p.
365 _aINR
_b53
546 _aChairman: D P Chattopadhyaya
650 _aChattopadhyaya committee report
_9778452
942 _cREF
_h370.7, IND/RR
999 _c1389788
_d1389788